| 000 | 00844cam a22002897a 4500 | ||
|---|---|---|---|
| 003 | CHAP | ||
| 005 | 20220329135450.0 | ||
| 008 | 971013s r 00010 d | ||
| 010 | _a36971 | ||
| 011 | _a37943 | ||
| 035 | _a42063 | ||
| 040 | _cCHAP | ||
| 090 | _aR-1708 | ||
| 100 | 0 | 0 |
_aParker, M. L. _985602 |
| 245 | 0 | _aAnnual-ring with and density patterns in red alder | |
| 500 | _aSobretiro de: Wood and Fiber 10(2):120-130, 1978. | ||
| 590 |
_aBATCH-UPD _b10 _c20130110 _lUCH01 _h0246 |
||
| 590 |
_aBATCH-UPD _b10 _c20130110 _lUCH01 _h2156 |
||
| 590 |
_aCONVERSION _b10 _c20130109 _lUCH01 _h1321 |
||
| 650 | 1 | 4 |
_aAlnus rubra. _94553 |
| 650 | 1 | 4 |
_aAnillos de crecimiento. _95845 |
| 700 | 0 |
_aJohnson, S. _961871 |
|
| 700 | 0 |
_aSmith, J. H. G. _9107043 |
|
| 901 | _aBK | ||
| 942 | _cREIMP | ||
| 949 |
_aR-1708 _bBC _cR _d-96597 _eTS1 _i42063 _si |
||
| 999 |
_c36971 _d36971 |
||